000 00847nam a22002297a 4500
999 _c6047
_d6047
003 AR-CdUCM
008 190313b ||||| |||| 00| 0 spa d
040 _aMUNICIPALIDAD PROVINCIAL DEL CUSCO
_cBIBLIOTECA MUNICIPAL DEL CUSCO
082 _a868.6 /
_bS16
100 _aSalinas, Pedro
_913758
245 _aPoesía de siempre /
260 _aMedellin :
_bEditorial Bedout.
300 _a39 páginas ;
_c21 cm.
440 _aColección dirigida por Jorge Montoya Toro
_n37
_917637
500 _aDonación familia Nieto
505 _aContenido: Razón de amor -- Ya esta la ventana abierta -- ¿Seras amor, -- ¿En donde esta la salvación? ¿Lo sabes? -- ¡Pastora de milagros! -- Torpemente el amor busca...
650 _aPoesía peruana
_9806
650 _aLibertad
_92892
650 _aMiedo
_917638
942 _2ddc
_cLIBROS
945 _adavv